|
|
|
|
| LEADER |
00000naa2a2200000 4500 |
| 001 |
426957 |
| 005 |
20231101074618.0 |
| 035 |
|
|
|a (RuTPU)RU\TPU\prd\86061
|
| 035 |
|
|
|a RU\TPU\tpu\12570
|
| 090 |
|
|
|a 426957
|
| 100 |
|
|
|a 20100901a1988 k y0rusy50 ca
|
| 101 |
0 |
|
|a rus
|
| 102 |
|
|
|a RU
|
| 200 |
1 |
|
|a Устройство для формирования наносекундных импульсов амплитудой до 1МВ
|f В. М. Евдокимович [и др.]
|
| 320 |
|
|
|a Библиогр.: 4 назв.
|
| 461 |
|
0 |
|0 (RuTPU)RU\TPU\prd\300
|x 0032-8162
|t Приборы и техника эксперимента
|f Академия наук СССР
|d 1956-
|
| 463 |
|
0 |
|0 (RuTPU)RU\TPU\prd\39783
|t № 1
|v С. 109-111
|d 1988
|
| 610 |
1 |
|
|a наносекундные импульсы
|
| 610 |
1 |
|
|a амплитуды
|
| 610 |
1 |
|
|a устройства
|
| 610 |
1 |
|
|a формирование
|
| 610 |
1 |
|
|a труды учёных ТПУ
|
| 701 |
|
1 |
|a Евдокимович
|b В. М.
|
| 701 |
|
1 |
|a Евлампиев
|b С. Б.
|
| 701 |
|
1 |
|a Коршухов
|b Г. С.
|
| 701 |
|
1 |
|a Седов
|b Н. А.
|
| 801 |
|
1 |
|a RU
|b 63413507
|c 20050705
|g PSBO
|
| 801 |
|
2 |
|a RU
|b 63413507
|c 20110705
|g RCR
|
| 942 |
|
|
|c BK
|